00327nam a2200121Ia 4500008004100000041000800041082001900049100002200068245004400090260002900134300003000163365001200193240624s9999 xx 000 0 und d aeng a658.709172 BEL aMANNERS BELL JOHN aLOGISTICS AND SUPPLY CHAINS IN EMERGING c2014aLondonbKogan Page axi, : 252 : p. : cm. ; 23 cGBPb30